Tanulmányok Amerika történelméről és kultúrájáról

Elmentve itt :
Bibliográfiai részletek
Szerző: Vajda Zoltán
További közreműködők: Frank Tibor
Dokumentumtípus: Cikk
Megjelent: 2019
Sorozat:Aetas 34 No. 4
Kulcsszavak:Amerikai Egyesült Államok története - könyvismertetés, Művelődéstörténet - USA - könyvismertetés, Szociológia - USA - könyvismertetés, Államszervezet - USA - könyvismertetés, Amerikai Egyesült Államok - honismeret - könyvismertetés
Tárgyszavak:
Online Access:http://acta.bibl.u-szeged.hu/68235
LEADER 01025nab a2200241 i 4500
001 acta68235
005 20230308142242.0
008 200514s2019 hu o 0|| hun d
022 |a 0237-7934 
040 |a SZTE Egyetemi Kiadványok Repozitórium  |b hun 
041 |a hun 
100 1 |a Vajda Zoltán 
245 1 0 |a Tanulmányok Amerika történelméről és kultúrájáról  |h [elektronikus dokumentum] /  |c  Vajda Zoltán 
260 |c 2019 
300 |a 177-183 
490 0 |a Aetas  |v 34 No. 4 
650 4 |a Társadalomtudományok 
650 4 |a Szociológia 
650 4 |a Bölcsészettudományok 
650 4 |a Történettudomány és régészet 
695 |a Amerikai Egyesült Államok története - könyvismertetés, Művelődéstörténet - USA - könyvismertetés, Szociológia - USA - könyvismertetés, Államszervezet - USA - könyvismertetés, Amerikai Egyesült Államok - honismeret - könyvismertetés 
700 0 1 |a Frank Tibor 
856 4 0 |u http://acta.bibl.u-szeged.hu/68235/1/aetas_2019_004_177-183.pdf  |z Dokumentum-elérés